LEADER 01214nam a2200265 4500 001 000000347571 003 CaOOAMICUS 005 20210901144608.0 008 210901s2021 it 000 u ita r 020 $a978-88-93595-12-4 040 $aSeMil$bita 245 02$aL'inquisizione e gli ebrei :$bnuove ricerche /$ca cura di Marina Caffiero ; con la collaborazione di Giuseppina Minchella. 264 1$aRoma :$bEdizioni di Storia e Letteratura,$c2021. 300 $aXXII, 177 p. ;$c24 cm 490 1 $aTemi e testi ;$v202 650 4$aEbrei - Inquisizione - Storia.$0(OLS)http://semarc/subject/50892 700 1 $aMinchella, Giuseppina.$0(OLS)http://semarc/name/114548 700 1 $aCaffiero, Marina.$0(OLS)http://semarc/name/11169 830 0$aTemi e testi ;$v202.$0(OLS)http://semarc/title/10924 850 $aSeMil 852 $aSeMil$W1$xVenegono$y1$m3B IV 148$j228320$B238640$CSeMilBibl$Z2$F238640 $81 996 $6020$a978-88-93595-12-4$9(OLS)http://semarc/number/293982 996 $6245$aL'inquisizione e gli ebrei :$bnuove ricerche$9(OLS)http://semarc/title/436870 996 $6264$aRoma :$bEdizioni di Storia e Letteratura$9(OLS)http://semarc/publisher/29779 LEADER 01721nam a2200349 i 4500 001 000000123839 003 CaOOAMICUS 005 20240725105904.0 008 040305s1996 it u000 u mul u 020 $a88-86873-01 040 $aSeMil$bita 100 1 $aTassi, Roberto,$d<1921-1996>.$0(OLS)http://semarc/name/90398 245 10$aChiesa di Santa Margherita detta Chiesa di Dante :$b11. secolo /$cRoberto Tassi, Giovangualberto Ceri ; a cura del Centro Culturale Dantesco. 246 01$aChurch of Dante :$b11th century 260 $aMontespertoli :$bM.I.R. edizioni,$c1996. 264 1$aMontespertoli :$bM.I.R. edizioni,$c1996. 300 $a127 p. :$briccamente ill. ;$c31 cm. 541 0 $aFondo card. C.M. Martini (5L IX 21) 546 $aTesti in italiano, inglese, tedesco e francese 650 4$aFirenze - Chiese - Santa Margherita dei Cerchi.$0(OLS)http://semarc/subject/56032 700 1 $aCentro Culturale Dantesco.$0(OLS)http://semarc/name/51417 700 1 $aCeri, Giovangualberto.$0(OLS)http://semarc/name/51416 850 $aSeMil 852 $aSeMil$W1$xVenegono$y1$m5L IX 21$j78484$B78484$CSeMilBibl$Z2$F80700 $8I 941 1 $a4 961 $aOmaggio: Martini Card. Carlo Maria. -- Con dedica autografa 996 $6020$a88-86873-01$9(OLS)http://semarc/number/109462 996 $6245$aChiesa di Santa Margherita detta Chiesa di Dante :$b11. secolo$9(OLS)http://semarc/title/182130 996 $6246$aChurch of Dante :$b11th century$9(OLS)http://semarc/title/182131 996 $6260$aMontespertoli :$bM.I.R. edizioni$9(OLS)http://semarc/publisher/46289 996 $6264$aMontespertoli :$bM.I.R. edizioni$9(OLS)http://semarc/publisher/46289